[Event "Montcalm-ch 2010-11"]
[Site "Quebec CAN"]
[Date "2011.05.20"]
[Round "4"]
[White "Perron, Jonathan"]
[Black "Bleau, John"]
[Result "0-1"]
[WhiteElo "2057"]
[BlackElo "1903"]
[PlyCount "113"]
[GameId "2160767909704733"]
[EventDate "2011.04.28"]
[EventType "tourn"]
[EventRounds "5"]
[EventCountry "CAN"]
[SourceTitle "EXT 2022"]
[Source "ChessBase"]
[SourceDate "2021.10.06"]
[SourceVersion "1"]
[SourceVersionDate "2021.10.06"]
[SourceQuality "1"]

1. e4 Nf6 2. e5 Nd5 3. d4 d6 4. c4 Nb6 5. exd6 cxd6 6. Nc3 g6 7. Be3 Bg7 8. Rc1 O-O 9. Nf3 Nc6 10. d5 Ne5 11. Nxe5 Bxe5 12. f4 Bg7 13. Be2 f5 14. Bd4 e6 15. dxe6 Bxe6 16. O-O Rc8 17. Bxg7 Kxg7 18. b3 Bf7 19. Bf3 Rb8 20. a4 Re8 21. Re1 Rxe1+ 22. Qxe1 Nd7 23. Qe3 Qe8 24. Qxe8 Rxe8 25. Rd1 Re3 26. Rxd6 Nc5 27. b4 Nd3 28. Ne2 Bxc4 29. Rd7+ Kh6 30. Rxb7 Nb2 31. Kf2 Nd1+ 32. Ke1 Nc3 33. Kd2 Rd3+ 34. Kc2 Nxa4 35. Rc7 Rxf3 36. gxf3 Bxe2 37. Rxa7 Nb6 38. Kd2 Bxf3 39. Ra1 Kh5 40. Rf1 Be4 41. b5 Kg4 42. Kc3 Nd5+ 43. Kd4 Nxf4 44. Ke5 Nd5 45. Rf2 Nb6 46. Kd4 Nd7 47. Rb2 g5 48. b6 Nxb6 49. Rxb6 h5 50. Rb2 Kf3 51. Rb3+ Kf4 52. Rb2 g4 53. Rf2+ Bf3 54. Kd3 h4 55. Kd2 g3 56. hxg3+ Kxg3 57. Ke3 0-1

[Event "Montcalm-ch 2010-11"]
[Site "Quebec CAN"]
[Date "2011.05.27"]
[Round "5"]
[White "Bleau, John"]
[Black "Chiffot, Nicolas"]
[Result "1/2-1/2"]
[WhiteElo "1902"]
[BlackElo "2069"]
[PlyCount "106"]
[GameId "2160767909704734"]
[EventDate "2011.04.28"]
[EventType "tourn"]
[EventRounds "5"]
[EventCountry "CAN"]
[SourceTitle "EXT 2022"]
[Source "ChessBase"]
[SourceDate "2021.10.06"]
[SourceVersion "1"]
[SourceVersionDate "2021.10.06"]
[SourceQuality "1"]

1. d4 Nf6 2. c4 g6 3. g3 Bg7 4. Nc3 d5 5. cxd5 Nxd5 6. Bg2 Nb6 7. Nf3 O-O 8. O-O Nc6 9. e3 Re8 10. b3 e5 11. dxe5 Nxe5 12. Nxe5 Bxe5 13. Bb2 a5 14. Qc2 c6 15. Rad1 Qe7 16. Ne2 a4 17. Bxe5 Qxe5 18. Rd4 axb3 19. Qxb3 Qa5 20. Nf4 Nd7 21. Rc1 Qxa2 22. Qxa2 Rxa2 23. Bh3 Ne5 24. Kg2 Bxh3+ 25. Nxh3 Ng4 26. Rcd1 h5 27. R4d2 Rxd2 28. Rxd2 b5 29. Rc2 Rc8 30. Nf4 c5 31. Nd5 Kg7 32. Ne7 Rc7 33. Nd5 Rc6 34. Ne7 Re6 35. Nd5 c4 36. Rb2 Rc6 37. Nc3 Rb6 38. Rxb5 Rxb5 39. Nxb5 Kf6 40. h3 Ne5 41. f4 Nd7 42. Kf3 Nc5 43. Nc3 Ke6 44. e4 Nb3 45. g4 hxg4+ 46. hxg4 Kd6 47. e5+ Ke6 48. Ke4 Nc5+ 49. Kd4 Nd3 50. Ke4 Nf2+ 51. Kf3 Nd3 52. Ke4 Nf2+ 53. Kf3 Nd3 1/2-1/2

[Event "Montcalm-ch 2010-11"]
[Site "Quebec CAN"]
[Date "2011.05.27"]
[Round "5"]
[White "Cummins, Paul"]
[Black "Caire, Francois"]
[Result "0-1"]
[WhiteElo "1803"]
[BlackElo "2247"]
[PlyCount "64"]
[GameId "2160767909704735"]
[EventDate "2011.04.28"]
[EventType "tourn"]
[EventRounds "5"]
[EventCountry "CAN"]
[SourceTitle "EXT 2022"]
[Source "ChessBase"]
[SourceDate "2021.10.06"]
[SourceVersion "1"]
[SourceVersionDate "2021.10.06"]
[SourceQuality "1"]

1. e4 e5 2. Nf3 f5 3. Nxe5 Qf6 4. d4 d6 5. Nc4 fxe4 6. Be3 c6 7. Nc3 d5 8. Nd2 Ne7 9. Nb3 Nf5 10. Qd2 Bd6 11. O-O-O O-O 12. Kb1 b5 13. Bg5 Qg6 14. h4 h6 15. Be3 Nxe3 16. fxe3 Bg4 17. Rc1 Nd7 18. Na5 Bb4 19. Nb3 a5 20. a3 Bd6 21. Nc5 Bxc5 22. dxc5 Nxc5 23. Ne2 Bxe2 24. Bxe2 Rf2 25. Rcf1 Rxg2 26. Qd1 b4 27. a4 Nxa4 28. Bh5 Qd6 29. Kc1 Qe5 30. Bf7+ Kh7 31. Qd4 Qxd4 32. exd4 b3 0-1

[Event "Montcalm-ch 2010-11"]
[Site "Quebec CAN"]
[Date "2011.05.27"]
[Round "5"]
[White "Sauve, Richard"]
[Black "Perron, Jonathan"]
[Result "1-0"]
[WhiteElo "1869"]
[BlackElo "2057"]
[PlyCount "71"]
[GameId "2160767909704736"]
[EventDate "2011.04.28"]
[EventType "tourn"]
[EventRounds "5"]
[EventCountry "CAN"]
[SourceTitle "EXT 2022"]
[Source "ChessBase"]
[SourceDate "2021.10.06"]
[SourceVersion "1"]
[SourceVersionDate "2021.10.06"]
[SourceQuality "1"]

1. d4 Nf6 2. c4 e6 3. Nc3 c5 4. d5 exd5 5. cxd5 d6 6. e4 g6 7. Nf3 Bg7 8. Be2 O-O 9. O-O a6 10. a4 Bg4 11. Bf4 Re8 12. h3 Nxe4 13. hxg4 Bxc3 14. Qb3 Bb4 15. Bd3 Qf6 16. Bh2 h6 17. Rfe1 Bxe1 18. Rxe1 c4 19. Qxc4 Nd7 20. Rxe4 Nc5 21. Rxe8+ Rxe8 22. Bc2 Qe7 23. b4 Nd7 24. Bf4 Nf6 25. Bxh6 b5 26. axb5 axb5 27. Qc3 Kh7 28. g5 Nh5 29. g4 Qd7 30. Qd4 Rg8 31. gxh5 f6 32. hxg6+ Rxg6 33. Qe4 Kh8 34. Qxg6 fxg5 35. Qf6+ Kg8 36. Qf8# 1-0

[Event "Montmagny op"]
[Site "Montmagny CAN"]
[Date "2011.11.11"]
[Round "1"]
[White "Chevalier, Francois"]
[Black "Fairbairn, Stephen"]
[Result "1/2-1/2"]
[WhiteElo "1696"]
[BlackElo "1944"]
[PlyCount "94"]
[GameId "2160767909573618"]
[EventDate "2011.11.11"]
[EventType "swiss"]
[EventRounds "5"]
[EventCountry "CAN"]
[SourceTitle "EXT 2022"]
[Source "ChessBase"]
[SourceDate "2021.10.06"]
[SourceVersion "1"]
[SourceVersionDate "2021.10.06"]
[SourceQuality "1"]

1. e4 Nf6 2. e5 Nd5 3. c4 Nb6 4. d4 d6 5. exd6 exd6 6. Nc3 Nc6 7. Be3 Be7 8. Rc1 O-O 9. b3 Bf5 10. Nf3 Bf6 11. Be2 Re8 12. O-O d5 13. c5 Nc8 14. Qd2 a6 15. Rfe1 N8e7 16. h3 Ng6 17. Bd3 Qd7 18. Bxf5 Qxf5 19. Ne2 Qd7 20. Bg5 Bxg5 21. Qxg5 Re7 22. Qd2 Rae8 23. Nc3 h6 24. Rxe7 Rxe7 25. Re1 Rxe1+ 26. Qxe1 Qe6 27. Qe3 Nce7 28. b4 c6 29. a4 Nf5 30. Qxe6 fxe6 31. g3 Kf8 32. b5 axb5 33. axb5 Ke7 34. bxc6 bxc6 35. Kf1 Kf6 36. Ke2 e5 37. dxe5+ Nxe5 38. Nxe5 Kxe5 39. Kd3 g5 40. Ne2 h5 41. g4 hxg4 42. hxg4 Ne7 43. Ke3 Ng6 44. Nd4 Ne7 45. Nf3+ Kf6 46. Nd4 Ke5 47. Nf3+ Kf6 1/2-1/2

[Event "Montmagny op"]
[Site "Montmagny CAN"]
[Date "2011.11.11"]
[Round "1"]
[White "Larochelle, Martial"]
[Black "Page, Denis"]
[Result "1-0"]
[WhiteElo "2228"]
[BlackElo "1701"]
[PlyCount "167"]
[GameId "2160767909573621"]
[EventDate "2011.11.11"]
[EventType "swiss"]
[EventRounds "5"]
[EventCountry "CAN"]
[SourceTitle "EXT 2022"]
[Source "ChessBase"]
[SourceDate "2021.10.06"]
[SourceVersion "1"]
[SourceVersionDate "2021.10.06"]
[SourceQuality "1"]

1. c4 e5 2. g3 Nf6 3. Bg2 d5 4. cxd5 Nxd5 5. Nf3 Nc6 6. O-O Be7 7. d4 exd4 8. Nxd4 Nxd4 9. Qxd4 Nf6 10. Qa4+ Qd7 11. Qb3 O-O 12. Bxb7 Bxb7 13. Qxb7 Rfb8 14. Qf3 Qh3 15. Nc3 Ng4 16. Qg2 Qxg2+ 17. Kxg2 c6 18. h3 Nf6 19. b3 Rd8 20. Be3 Ba3 21. Rad1 Bb4 22. Rxd8+ Rxd8 23. Rd1 Rxd1 24. Nxd1 a6 25. Bd4 Nd5 26. e4 Nc7 27. f4 Nb5 28. Bb2 g6 29. Kf3 Kf8 30. Ne3 Ke7 31. g4 f6 32. Nc4 Nd6 33. Nxd6 Bxd6 34. e5 fxe5 35. Bxe5 Ba3 36. Ke4 Ke6 37. f5+ gxf5+ 38. gxf5+ Kf7 39. Kd3 Be7 40. Kc4 h5 41. b4 Bf8 42. a4 Be7 43. Bd4 Bd6 44. Bc3 Be7 45. Bd4 Bd6 46. Bc5 Bc7 47. Kd4 Kf6 48. Ke4 Kf7 49. Bd4 Bd6 50. Bc3 Bf8 51. Kf4 Bh6+ 52. Kg3 Bg5 53. Bd4 Be7 54. Bc3 Bg5 55. Kf3 Bh6 56. Bd4 Bd2 57. Bc5 Bh6 58. Ke4 Bg7 59. Bd4 Bf8 60. Bc3 Bd6 61. a5 Bf8 62. Kd3 Bd6 63. Kc4 Bf8 64. Be5 Be7 65. Bd4 Bd6 66. Bc5 Bg3 67. Bb6 Bd6 68. Bd8 Ke8 69. Bf6 Kf7 70. Bd4 Bf8 71. f6 Bd6 72. Bc5 Bg3 73. Bb6 Bd6 74. Bd8 Ke8 75. Be7 Bf4 76. Kc5 Kd7 77. Kb6 Bg5 78. Kxa6 Kc7 79. Ka7 Bh4 80. Ka6 Bg5 81. b5 cxb5 82. Kxb5 Bh4 83. a6 Bg5 84. Bd6+ 1-0

[Event "Montmagny op"]
[Site "Montmagny CAN"]
[Date "2011.11.12"]
[Round "2"]
[White "Corriveau, Philippe"]
[Black "Hebert, Marc"]
[Result "1-0"]
[WhiteElo "1993"]
[BlackElo "1597"]
[PlyCount "59"]
[GameId "2160767909573623"]
[EventDate "2011.11.11"]
[EventType "swiss"]
[EventRounds "5"]
[EventCountry "CAN"]
[SourceTitle "EXT 2022"]
[Source "ChessBase"]
[SourceDate "2021.10.06"]
[SourceVersion "1"]
[SourceVersionDate "2021.10.06"]
[SourceQuality "1"]

1. e4 e5 2. Nf3 Nc6 3. d4 exd4 4. Nxd4 Bc5 5. Nb3 Bb6 6. Nc3 Nf6 7. Qe2 O-O 8. Bg5 h6 9. Bh4 g5 10. Bg3 Nd4 11. Qd2 Nxb3 12. axb3 Re8 13. O-O-O Qe7 14. Bd3 d6 15. h4 Ng4 16. Nd5 Qd8 17. hxg5 hxg5 18. Rh5 f6 19. Rdh1 c6 20. Nxf6+ Nxf6 21. Qxg5+ Kf7 22. Rh6 Rg8 23. Qd2 Be6 24. e5 dxe5 25. Bxe5 Ng4 26. Qf4+ Ke7 27. Rxe6+ Kxe6 28. Bf5+ Ke7 29. Bxg4 Qf8 30. Bd6+ 1-0

[Event "Montmagny op"]
[Site "Montmagny CAN"]
[Date "2011.11.12"]
[Round "3"]
[White "Lalumiere, Claude"]
[Black "Fairbairn, Stephen"]
[Result "0-1"]
[WhiteElo "1788"]
[BlackElo "1944"]
[PlyCount "60"]
[GameId "2160767909573629"]
[EventDate "2011.11.11"]
[EventType "swiss"]
[EventRounds "5"]
[EventCountry "CAN"]
[SourceTitle "EXT 2022"]
[Source "ChessBase"]
[SourceDate "2021.10.06"]
[SourceVersion "1"]
[SourceVersionDate "2021.10.06"]
[SourceQuality "1"]

1. e4 Nf6 2. e5 Nd5 3. d4 d6 4. Bc4 Nb6 5. e6 Bxe6 6. Bxe6 fxe6 7. Qe2 Qd7 8. Nf3 Nc6 9. O-O g6 10. c3 Bg7 11. Bf4 O-O 12. Bg3 Rf5 13. Nh4 Rf7 14. f4 Raf8 15. Na3 Nd5 16. Qd2 Nf6 17. Rae1 Nh5 18. Rf3 Bh6 19. Ref1 e5 20. dxe5 Nxe5 21. R3f2 Ng4 22. Rf3 e5 23. h3 Ngf6 24. Qc2 Bxf4 25. Bxf4 Nxf4 26. Nc4 N6h5 27. g4 Nxh3+ 28. Kh2 Rxf3 29. Rxf3 Rxf3 30. Nxf3 Qxg4 0-1

[Event "Montmagny op"]
[Site "Montmagny CAN"]
[Date "2011.11.12"]
[Round "3"]
[White "Larochelle, Martial"]
[Black "Page-Fortin, Mathieu"]
[Result "1-0"]
[WhiteElo "2228"]
[BlackElo "1932"]
[PlyCount "65"]
[GameId "2160767909573630"]
[EventDate "2011.11.11"]
[EventType "swiss"]
[EventRounds "5"]
[EventCountry "CAN"]
[SourceTitle "EXT 2022"]
[Source "ChessBase"]
[SourceDate "2021.10.06"]
[SourceVersion "1"]
[SourceVersionDate "2021.10.06"]
[SourceQuality "1"]

1. c4 Nf6 2. g3 g6 3. Bg2 Bg7 4. Nc3 d6 5. e4 O-O 6. Nge2 c5 7. O-O Na6 8. d3 Nc7 9. h3 Rb8 10. Be3 a6 11. d4 Ne6 12. d5 Nc7 13. Qd2 b5 14. cxb5 axb5 15. Bh6 b4 16. Nd1 Ba6 17. Bxg7 Kxg7 18. Ne3 Qd7 19. Rfd1 Qb5 20. Nf4 Rbd8 21. Qc2 e6 22. Bf1 Qb7 23. Bc4 Bxc4 24. Qxc4 Rfe8 25. dxe6 Nxe6 26. e5 dxe5 27. Nxe6+ fxe6 28. Qxc5 Nd5 29. Ng4 Qb8 30. Qc1 Rf8 31. Re1 Rf5 32. Re4 Rdf8 33. Qd2 1-0

[Event "Montmagny op"]
[Site "Montmagny CAN"]
[Date "2011.11.13"]
[Round "4"]
[White "Auger, Bertrand"]
[Black "Larochelle, Martial"]
[Result "1/2-1/2"]
[WhiteElo "1942"]
[BlackElo "2228"]
[PlyCount "130"]
[GameId "2160767909573631"]
[EventDate "2011.11.11"]
[EventType "swiss"]
[EventRounds "5"]
[EventCountry "CAN"]
[SourceTitle "EXT 2022"]
[Source "ChessBase"]
[SourceDate "2021.10.06"]
[SourceVersion "1"]
[SourceVersionDate "2021.10.06"]
[SourceQuality "1"]

1. Nf3 d5 2. g3 Bg4 3. Bg2 Nd7 4. c4 e6 5. O-O Ngf6 6. b3 Bd6 7. cxd5 exd5 8. Ba3 Bxa3 9. Nxa3 O-O 10. Qc1 c6 11. Qb2 Re8 12. d3 Qe7 13. Rfe1 Bxf3 14. Bxf3 Ne5 15. Bg2 Rad8 16. Nc2 Qd7 17. Nd4 Re7 18. Rac1 Rde8 19. Qd2 h6 20. b4 Rc8 21. Rc2 Ne8 22. Rec1 Nd6 23. Qf4 Ng6 24. Qd2 Ree8 25. h4 Qg4 26. e3 Ne5 27. Qd1 Qg6 28. Rc3 Rcd8 29. h5 Qf6 30. Bh3 a6 31. a4 Nd7 32. Qg4 Re5 33. R1c2 Nf8 34. Nf3 Ree8 35. Nd4 Ne6 36. Nxe6 fxe6 37. Qf4 Qe7 38. Qd4 e5 39. Qg4 e4 40. d4 Kh8 41. Bf1 Rf8 42. b5 axb5 43. axb5 cxb5 44. Rc7 Qf6 45. Qf4 Qxf4 46. gxf4 Rc8 47. Rxc8 Rxc8 48. Rxc8+ Nxc8 49. Bxb5 Nb6 50. f3 exf3 51. Kf2 Kg8 52. Kxf3 Kf7 53. e4 dxe4+ 54. Kxe4 Ke6 55. Be8 Nc4 56. Ba4 Nd6+ 57. Ke3 Kf6 58. Bd1 g6 59. d5 gxh5 60. Bxh5 b6 61. Bg4 Nf5+ 62. Kd3 Nd6 63. Kd4 Nb5+ 64. Kc4 Nd6+ 65. Kd4 Nb5+ 1/2-1/2

[Event "Montmagny op"]
[Site "Montmagny CAN"]
[Date "2011.11.13"]
[Round "4"]
[White "Corriveau, Philippe"]
[Black "Chevalier, Francois"]
[Result "1/2-1/2"]
[WhiteElo "1993"]
[BlackElo "1696"]
[PlyCount "63"]
[GameId "2160767909573632"]
[EventDate "2011.11.11"]
[EventType "swiss"]
[EventRounds "5"]
[EventCountry "CAN"]
[SourceTitle "EXT 2022"]
[Source "ChessBase"]
[SourceDate "2021.10.06"]
[SourceVersion "1"]
[SourceVersionDate "2021.10.06"]
[SourceQuality "1"]

1. e4 c5 2. Nc3 e6 3. g3 d5 4. exd5 exd5 5. d4 Be6 6. Nge2 Nf6 7. Bg2 Nc6 8. O-O Be7 9. dxc5 Bxc5 10. Bg5 Be7 11. Nf4 d4 12. Nxe6 fxe6 13. Ne4 O-O 14. Bxf6 Bxf6 15. Qg4 Qe7 16. f4 Rad8 17. Nxf6+ Qxf6 18. Bxc6 bxc6 19. Rfe1 Qf5 20. Qxf5 exf5 21. Re6 Rf6 22. Rxf6 gxf6 23. Re1 Kf7 24. Kf2 Rb8 25. b3 h5 26. Re2 Rb7 27. Rd2 c5 28. Rd3 Ke6 29. c3 Kd5 30. cxd4 cxd4 31. Ke2 Rc7 32. Kd2 1/2-1/2

[Event "Montreal Mercredi 01"]
[Site "Montreal CAN"]
[Date "2011.01.12"]
[Round "1"]
[White "Brassard, Sylvain"]
[Black "Deshetres, Michel"]
[Result "1-0"]
[WhiteElo "1798"]
[BlackElo "1763"]
[PlyCount "55"]
[GameId "2160767909821152"]
[EventDate "2011.01.12"]
[EventType "tourn"]
[EventRounds "5"]
[EventCountry "CAN"]
[SourceTitle "EXT 2013"]
[Source "ChessBase"]
[SourceDate "2012.11.22"]
[SourceVersion "1"]
[SourceVersionDate "2012.11.22"]
[SourceQuality "1"]

1. d4 d5 2. c4 dxc4 3. Nc3 Nf6 4. Bg5 e6 5. e3 Be7 6. Bxc4 O-O 7. Nf3 c5 8. O-O Nc6 9. a3 a6 10. dxc5 Qxd1 11. Rfxd1 Bxc5 12. b4 Be7 13. b5 axb5 14. Nxb5 Rd8 15. Rxd8+ Bxd8 16. Nd6 Be7 17. Nxc8 Rxc8 18. Bb5 h6 19. Bh4 g5 20. Bg3 Ne4 21. a4 Nxg3 22. hxg3 g4 23. Bxc6 bxc6 24. Nd2 Bb4 25. Nc4 c5 26. a5 Ra8 27. a6 Kf8 28. a7 1-0

[Event "Montreal Mercredi 01"]
[Site "Montreal CAN"]
[Date "2011.01.12"]
[Round "1"]
[White "Gates, Claude-Eric"]
[Black "Soskic, Radmilo"]
[Result "0-1"]
[WhiteElo "1742"]
[BlackElo "1616"]
[PlyCount "160"]
[GameId "2160767909821153"]
[EventDate "2011.01.12"]
[EventType "tourn"]
[EventRounds "5"]
[EventCountry "CAN"]
[SourceTitle "EXT 2013"]
[Source "ChessBase"]
[SourceDate "2012.11.22"]
[SourceVersion "1"]
[SourceVersionDate "2012.11.22"]
[SourceQuality "1"]

1. c4 Nf6 2. g3 g6 3. Bg2 Bg7 4. Nc3 c6 5. Nf3 O-O 6. O-O d6 7. d4 Qc7 8. e4 Bg4 9. Be3 Nbd7 10. h3 Bxf3 11. Qxf3 e5 12. Rfd1 Rfd8 13. Rac1 Qa5 14. Qe2 Re8 15. f3 Nh5 16. d5 f5 17. dxc6 bxc6 18. Qf2 Re6 19. Rc2 f4 20. gxf4 exf4 21. Bd2 Qc7 22. h4 Rd8 23. Bh3 Re7 24. Ne2 Rf8 25. Bg4 Be5 26. Nd4 Ndf6 27. Bh3 Bxd4 28. Qxd4 Qb6 29. Bc3 Qxd4+ 30. Bxd4 Rd8 31. Rcd2 Kf7 32. Bf2 Ne8 33. Bf1 Red7 34. c5 d5 35. Bh3 Rb7 36. b3 Nhf6 37. exd5 Nxd5 38. Bf1 Nef6 39. Bc4 Rbd7 40. Bd4 Ke8 41. a3 Ne3 42. Bxe3 fxe3 43. Rxd7 Rxd7 44. Rxd7 Kxd7 45. Kf1 Nd5 46. Ke2 Nf4+ 47. Kxe3 Ng2+ 48. Kf2 Nxh4 49. Bg8 Ke7 50. b4 Nf5 51. Bb3 Nd4 52. Ba4 Ke6 53. Ke3 Kd5 54. Kf4 h6 55. Ke3 g5 56. Bd1 h5 57. Ba4 h4 58. Kf2 Ke5 59. Bd1 Kf4 60. a4 h3 61. b5 cxb5 62. axb5 Nxb5 63. Be2 Nd4 64. Bf1 h2 65. Kg2 Ne6 66. c6 h1=Q+ 67. Kxh1 Kxf3 68. Bg2+ Kf4 69. Kg1 Ke5 70. Kf2 Kd6 71. Kg3 a5 72. Kg4 a4 73. Bf1 Kxc6 74. Bc4 Kd6 75. Kf5 Nd4+ 76. Kxg5 Kc5 77. Ba2 Kb4 78. Kf4 Ka3 79. Bd5 Kb2 80. Ke3 Nb3 0-1

[Event "Montreal Mercredi 01"]
[Site "Montreal CAN"]
[Date "2011.01.12"]
[Round "1"]
[White "Gauthier, Denis"]
[Black "Levkovsky, Alexandre"]
[Result "1-0"]
[WhiteElo "2003"]
[BlackElo "2262"]
[PlyCount "59"]
[GameId "2160767909821154"]
[EventDate "2011.01.12"]
[EventType "tourn"]
[EventRounds "5"]
[EventCountry "CAN"]
[SourceTitle "EXT 2013"]
[Source "ChessBase"]
[SourceDate "2012.11.22"]
[SourceVersion "1"]
[SourceVersionDate "2012.11.22"]
[SourceQuality "1"]

1. d4 d5 2. c4 dxc4 3. e4 e5 4. Nf3 exd4 5. Bxc4 Bb4+ 6. Nbd2 Nc6 7. O-O Qe7 8. a3 Bxd2 9. Bxd2 Be6 10. Bb5 Qc5 11. Qa4 a6 12. Nxd4 O-O-O 13. Nxe6 fxe6 14. Bxc6 Rxd2 15. Bd5 Qe7 16. Bc4 Nf6 17. b4 Rd4 18. b5 Qd7 19. Qb3 Rxc4 20. Qxc4 axb5 21. Qb4 Rd8 22. a4 Qd4 23. Qa5 Nxe4 24. Rac1 c5 25. Qxb5 Nc3 26. Qb2 Nxa4 27. Qb3 Kb8 28. Rfd1 Qh4 29. Rxd8+ Qxd8 30. Qxa4 1-0

[Event "Montreal Mercredi 01"]
[Site "Montreal CAN"]
[Date "2011.01.12"]
[Round "1"]
[White "Gauthier, Luc"]
[Black "Baran, Marius"]
[Result "0-1"]
[WhiteElo "1740"]
[BlackElo "1657"]
[PlyCount "80"]
[GameId "2160767909821155"]
[EventDate "2011.01.12"]
[EventType "tourn"]
[EventRounds "5"]
[EventCountry "CAN"]
[SourceTitle "EXT 2013"]
[Source "ChessBase"]
[SourceDate "2012.11.22"]
[SourceVersion "1"]
[SourceVersionDate "2012.11.22"]
[SourceQuality "1"]

1. e4 c5 2. Nc3 Nc6 3. g3 Nf6 4. Bg2 g6 5. d3 Bg7 6. f4 d6 7. Nf3 O-O 8. O-O Bg4 9. h3 Be6 10. Be3 Qd7 11. Ng5 h6 12. Nxe6 Qxe6 13. Qd2 Kh7 14. Rae1 Qd7 15. Kh2 e6 16. e5 Ne8 17. exd6 b6 18. Bf3 Nxd6 19. Qg2 Rac8 20. Nd1 Nf5 21. c3 Rfd8 22. Bf2 Nce7 23. g4 Nd6 24. Bh4 Re8 25. Nf2 b5 26. Ne4 Nxe4 27. dxe4 b4 28. Rd1 Qc7 29. e5 g5 30. Be4+ Ng6 31. fxg5 Bxe5+ 32. Bg3 hxg5 33. Bxe5 Qxe5+ 34. Kh1 Kg7 35. Rd7 Nf4 36. Qf3 Rh8 37. Kg1 bxc3 38. Qxc3 Ne2+ 39. Kg2 Nxc3 40. Rfxf7+ Kg8 0-1

[Event "Montreal Mercredi 01"]
[Site "Montreal CAN"]
[Date "2011.01.12"]
[Round "1"]
[White "Khudaverdian, Berj"]
[Black "Lalonde, Paul"]
[Result "0-1"]
[WhiteElo "1902"]
[BlackElo "1899"]
[PlyCount "123"]
[GameId "2160767909821156"]
[EventDate "2011.01.12"]
[EventType "tourn"]
[EventRounds "5"]
[EventCountry "CAN"]
[SourceTitle "EXT 2013"]
[Source "ChessBase"]
[SourceDate "2012.11.22"]
[SourceVersion "1"]
[SourceVersionDate "2012.11.22"]
[SourceQuality "1"]

1. Nf3 e6 2. g3 b6 3. Bg2 Bb7 4. O-O Nf6 5. d3 Be7 6. Nbd2 d5 7. c3 Nbd7 8. Qc2 O-O 9. d4 c5 10. e3 Qc7 11. Qb3 Rfe8 12. a4 Rad8 13. Qa2 Ba8 14. b3 e5 15. Bb2 exd4 16. cxd4 Bd6 17. Rac1 Qb8 18. Qa1 cxd4 19. Nxd4 Rc8 20. Nb5 Bf8 21. Bh3 a6 22. Nd4 Rc5 23. Ba3 Rxc1 24. Rxc1 Nc5 25. Bf1 Bb7 26. a5 Qa7 27. b4 Nce4 28. Nxe4 Nxe4 29. Rc7 Bd6 30. Nf5 Bf8 31. b5 Nc5 32. bxa6 Qb8 33. Rxb7 Qc8 34. Bxc5 bxc5 35. Qb1 g6 36. Bh3 Qa8 37. a7 Re4 38. Nh6+ Kg7 39. Nxf7 Rb4 40. Qa1+ d4 41. Ne5+ Qxb7 42. Qa2 Rb1+ 43. Bf1 dxe3 44. fxe3 Rxf1+ 45. Kxf1 Qh1+ 46. Ke2 Qxh2+ 47. Kf3 Qxa2 48. a8=Q Qe6 49. Qb7+ Kg8 50. Qf7+ Qxf7+ 51. Nxf7 c4 52. a6 c3 53. a7 c2 54. a8=Q c1=Q 55. Nh6+ Kg7 56. Qe8 Qf1+ 57. Ke4 Kxh6 58. Kd5 Qf5+ 59. Kc4 Qg4+ 60. e4 Bg7 61. Kd5 Qxg3 62. Qe6 0-1

[Event "Montreal Mercredi 01"]
[Site "Montreal CAN"]
[Date "2011.01.12"]
[Round "1"]
[White "Messier, Samuel"]
[Black "Dardoura, Khaled"]
[Result "1/2-1/2"]
[WhiteElo "1742"]
[BlackElo "1633"]
[PlyCount "77"]
[GameId "2160767909821157"]
[EventDate "2011.01.12"]
[EventType "tourn"]
[EventRounds "5"]
[EventCountry "CAN"]
[SourceTitle "EXT 2013"]
[Source "ChessBase"]
[SourceDate "2012.11.22"]
[SourceVersion "1"]
[SourceVersionDate "2012.11.22"]
[SourceQuality "1"]

1. e4 c6 2. d4 d5 3. Nc3 dxe4 4. Nxe4 Bf5 5. Ng3 Bg6 6. Nf3 Nd7 7. h4 h6 8. h5 Bh7 9. Bd3 Qc7 10. Bxh7 Rxh7 11. Qd3 Ngf6 12. Bd2 e6 13. O-O-O O-O-O 14. Ne4 Nxe4 15. Qxe4 Nf6 16. Qe2 Bd6 17. g3 Rhh8 18. c4 c5 19. Bc3 cxd4 20. Bxd4 Qa5 21. Kb1 e5 22. Bc3 Qc7 23. Rh4 e4 24. Nd4 Be7 25. Nf5 Rxd1+ 26. Qxd1 Rd8 27. Qe2 e3 28. Nxe3 Qd7 29. Rd4 Qe6 30. Rxd8+ Bxd8 31. b3 Qe4+ 32. Qc2 Qh1+ 33. Kb2 Qxh5 34. Qf5+ Qxf5 35. Nxf5 Ne8 36. Nxg7 Nd6 37. Be5 Ne4 38. f3 Nxg3 39. Kc2 1/2-1/2

[Event "Montreal Mercredi 01"]
[Site "Montreal CAN"]
[Date "2011.01.12"]
[Round "1"]
[White "Nardone, Raul"]
[Black "Pilotte, Benoit"]
[Result "0-1"]
[WhiteElo "1803"]
[BlackElo "1759"]
[PlyCount "97"]
[GameId "2160767909821158"]
[EventDate "2011.01.12"]
[EventType "tourn"]
[EventRounds "5"]
[EventCountry "CAN"]
[SourceTitle "EXT 2013"]
[Source "ChessBase"]
[SourceDate "2012.11.22"]
[SourceVersion "1"]
[SourceVersionDate "2012.11.22"]
[SourceQuality "1"]

1. e4 g6 2. d4 Bg7 3. g3 c6 4. Bg2 d5 5. e5 c5 6. c3 e6 7. Nf3 Nc6 8. O-O Nge7 9. Re1 b6 10. Bg5 Qc7 11. Na3 Ba6 12. Qa4 Qb7 13. Nb5 Bxb5 14. Qxb5 c4 15. b3 a6 16. Qa4 b5 17. Qa3 cxb3 18. axb3 b4 19. Qa4 bxc3 20. Rec1 Qb4 21. Bf1 Qxa4 22. Rxa4 a5 23. Rxc3 Rb8 24. Bxe7 Nxe7 25. Rxa5 O-O 26. Ra7 Rfc8 27. Rxc8+ Nxc8 28. Rc7 h6 29. Ne1 Nb6 30. Nd3 Na8 31. Ra7 Rc8 32. Nc5 Nc7 33. Nd7 Bf8 34. Nxf8 Kxf8 35. b4 Ke8 36. Kg2 Kd8 37. Kf3 Rb8 38. b5 Kc8 39. h4 Rb6 40. Ra5 Kb7 41. Ke3 Kb8 42. Kd2 Rb7 43. Kc3 Na8 44. Kb4 Rc7 45. Ra2 Rc1 46. Bd3 Kb7 47. Rc2 Rd1 48. Kc3 Kb6 49. Ra2 0-1

[Event "Montreal Mercredi 01"]
[Site "Montreal CAN"]
[Date "2011.01.12"]
[Round "1"]
[White "Pregent, Daniel"]
[Black "Yun, Chang"]
[Result "1/2-1/2"]
[WhiteElo "1795"]
[BlackElo "1779"]
[PlyCount "71"]
[GameId "2160767909821160"]
[EventDate "2011.01.12"]
[EventType "tourn"]
[EventRounds "5"]
[EventCountry "CAN"]
[SourceTitle "EXT 2013"]
[Source "ChessBase"]
[SourceDate "2012.11.22"]
[SourceVersion "1"]
[SourceVersionDate "2012.11.22"]
[SourceQuality "1"]

1. d4 Nf6 2. Nf3 g6 3. c4 Bg7 4. Nc3 O-O 5. e4 d6 6. h3 e5 7. d5 Na6 8. Bg5 h6 9. Be3 Nc5 10. Nd2 a5 11. g4 Nh7 12. Rg1 b6 13. Qf3 Kh8 14. Qg3 Qe7 15. g5 Nxg5 16. h4 Nh7 17. O-O-O Nf6 18. Be2 Bd7 19. h5 g5 20. Bxg5 hxg5 21. Qxg5 Rg8 22. h6 Bf8 23. Qh4 Rxg1 24. Rxg1 Nfxe4 25. Qxe7 Bxe7 26. Ndxe4 Nxe4 27. Nxe4 Rg8 28. Rh1 Bg4 29. Kd2 Bg5+ 30. Kd3 Bf5 31. Bh5 Rf8 32. f3 Kh7 33. Bg4 Bxe4+ 34. fxe4 Bxh6 35. Bf5+ Kg7 36. b3 1/2-1/2